01515nam a2200145Ia 4500020001800000082002400018100002600042245008000068260003700148300001400185520108700199650002501286650002001311650003801331 a9788131609118 a362.10954558bSAN-H aSangwan, Ramesh Kumar 0aHealth, Human Rights and Ethicsb: A Sociological Study in Hospital Setting aJaipurbRawat Publicationsc2017 axii, 206p aThe survival and evolution of the human race is linked with the health of individuals and the population at large. All over the world, the concepts of the right to health and medical ethics have recently emerged from the ever-growing consciousness about the dignity of human life. The right to health and health care are the new aspirations of the people. Health rights are exercised by people who use health services, and medical ethics are reflected in the professional performance of doctors while delivering health services. Since patients are becoming increasingly aware of their health rights, doctors have to be conversant with basic ethical issues involved in medical practice. This book offers the most incisive, compelling analysis of the rights and ethics of health care in different hospital settings. It analyzes the concepts of rights and ethics in both private and government hospital settings. Health, Human Rights and Ethics will be of interest to anthropologists, sociologists, historians, legal experts, public and private health practitioners, and policy makers. aSocialvRights Human aEconomicvStudy aMedical PolicyvEco System Health